|
|
|
|
| LEADER |
00810nab#a2200289#ar4500 |
| 001 |
000049021 |
| 003 |
SVKKK |
| 005 |
20040802084359.0 |
| 008 |
040802c2003 xo e slo |
| FMT |
|
|
|
| 038 |
|
|
|a SVKKK
|
| 040 |
|
|
|a SVKKK
|b slo
|e AACR2
|
| 041 |
0 |
|
|a slo
|
| 044 |
|
|
|a xo
|c SK
|
| 080 |
|
|
|a 351.754.92
|2 1997
|
| 100 |
1 |
|
|a Štrompová, Alena
|4 aut
|
| 245 |
1 |
0 |
|a Niekto im vhodí peniaze, iní do ´klobúka´napľujú :
|b pouliční hudobníci patria k neodmysliteľnému koloritu miest
|c Alena Štrompová
|
| 300 |
|
|
|b Fotogr.
|
| 650 |
0 |
4 |
|a hudobníci pouličný
|x hudba
|z Košice (Slovensko)
|x zážitky
|
| 773 |
0 |
|
|t Košický večer
|g Roč. 14 (35), č. 139 (22.7.2003), s. 7
|
| 957 |
|
|
|a 802
|
| 958 |
|
|
|a K1
|
| 974 |
|
|
|a MI
|
| 992 |
|
|
|a RBX
|
| BAS |
|
|
|
| 852 |
|
|
|a SVKKK
|b BIB
|
| 998 |
|
|
|a REG
|